| 000 | 01623nam a2200337 c 4500 | ||
|---|---|---|---|
| 003 | BLK | ||
| 005 | 20180422115253.0 | ||
| 008 | 180411b bul|||||r ||||||| ||bul|| | ||
| 010 | _aKNG00192134000 | ||
| 040 | _aBLK | ||
| 041 |
_aBUL _cBUL |
||
| 080 |
_aМедицинска микробиология. Подразделя се с отношение (Табл. Іb) към съответните деления на 61 _b579.61 _x(075.8) _z579.61(075.8) |
||
| 100 | 1 |
_aДимитров, Димитър Илиев _eпърви автор _9383993 |
|
| 700 | 1 |
_aМитов, Герго _eсъавт. _9369436 |
|
| 700 | 1 |
_aНинов, Никола Маринов _eсъавт. _9343130 |
|
| 139 |
_aДимитров, Димитър Илиев и др. _bД 58 |
||
| 245 | 1 | 0 |
_aМикробиология _cДимитър Илиев Димитров; съавт. Герго Митов; съавт. Никола Маринов Нинов. |
| 250 | _a3. изд. | ||
| 257 | _aBGR | ||
| 260 |
_аСофия _bМедицина и физкултура _c1988 |
||
| 300 |
_a280 с. _bс табл., сх, диагр. _c20 см |
||
| 380 | _a5 | ||
| 500 | _aАвт не са отбелязани на кор. - Пълното име на втория авт. е Герго Митов Иванов. - 1. изд. 1980. - 1 083 тир. - Пред. показалец. | ||
| 653 | _aмикробиология | ||
| 653 | _aучебници за ВУЗ | ||
| 852 | _aЦб 152235 | ||
| 856 | 4 |
_qpdf _u |
|
| 856 | 4 |
_qpdf _u |
|
| 942 |
_cKNG _n0 |
||
| 944 |
_aCR _c10.10.2016 _kНаталия_Любомирова |
||
| 944 |
_aED _c10.10.2016 _kНаталия_Любомирова |
||
| 999 |
_c183206 _d183206 |
||